000
00328nam a22001337a 4500
008
170526b xxu||||| |||| 00| 0 eng d
020
_a
0835967506
041
_a
eng
080
_2
2ND
_a
621.3
100
_a
27
101
_a
IM
245
_a
ROTATING ELECTRIC MACHINERY&TRANSFORMER TECHNOLOGY
_c
RICHARDSON, D.V
942
_2
udc
_c
BK
999
_c
14372
_d
14372